000 00574nam a2200229Ia 4500
003 OSt
005 20220923230503.0
006 a|||||r|||| 00| 0
007 ta
008 Pun
024 _a282,481
037 _cTextual
040 _aARTS
_cARTS
_bPun
041 _2Pun
_aPun
082 _aO153,3NAJIx, M9
100 _aਸਿੰਘ, ਅਜੀਤ
245 0 _aਨੇਮ ਪਲੇਟ
260 _c1989
650 _aਪੰਜਾਬੀ ਸਾਹਿਤ
942 _hO153,3NAJIx, M9
_cTEXL
_2CC
999 _c385194
_d385194